Les 2 villes les plus peuplées par région française en T - Statistiques

Statistiques générales
  • Ce quiz a été pris 90 fois
  • Le résultat moyen est 9 sur 26
Statistiques - réponses
Régions Départements Population Villes % Correct
Provence Alpes Côte d’Azur Var 181 000 Toulon
98%
Occitanie Haute Garonne 512 000 Toulouse
95%
Centre Val de Loire Indre et Loire 139 000 Tours
94%
Hauts de France Nord 99 000 Tourcoing
80%
Hautes Pyrénées 45 000 Tarbes
76%
Grand Est Aube 62 000 Troyes
75%
Auvergne Rhône Alpes Haute Savoie 38 000 Thonon les Bains
67%
Moselle 41 000 Thionville
54%
Nouvelle Aquitaine Gironde 46 000 Talence
51%
Yvelines 34 000 Trappes
40%
Gironde (La) 27 000 La Teste de Buch
24%
Île de France Seine Saint Denis 38 000 Tremblay-en-France
24%
Rhône 23 000 Tassin la Demi Lune
22%
Saône et Loire 6 000 Tournus
20%
Bourgogne Franche Comté Côte d'Or 12 000 Talant
17%
Bouches du Rhône 15 000 Tarascon
16%
Aisne 13 000 Tergnier
11%
Pays de la Loire Maine et Loire 13 000 Trélazé
10%
Bretagne Ille et Vilaine 9 000 Thorigné-Fouillard
5%
Loire Atlantique 11 000 Thouaré-sur-Loire
4%
Côte d'Armor 8 000 Trégueux
2%
Normandie Calvados 6 000 Thue et Mue
1%
Cher 4 000 Trouy
1%
Haute Corse 600 Taglio-Isolaccio
0%
Corse Haute Corse 800 Talasani
0%
Orne 5 000 Tinchebray-Bocage
0%
Aucun quiz correspondant
Distribution des résultats
% des personnes avec chaque résultat
Percentile par nombre de réponses
Votre historique - résultats
Vous n’avez pas pris ce quiz